[Event "BAN-chT"]
[Site "Dhaka"]
[Date "2022.03.13"]
[Round "4.4"]
[White "Mohammad, Minhaz Uddin"]
[Black "Mollah Abdullah, Al Rakib"]
[Result "1-0"]
[WhiteElo "2243"]
[BlackElo "2415"]
[PlyCount "97"]
[EventDate "2022.03.10"]
[EventType "team-tourn"]
[EventRounds "11"]
[EventCountry "BAN"]
[SourceTitle "CBM 207 Extra"]
[Source "ChessBase"]
[SourceDate "2022.05.31"]
[SourceVersion "1"]
[SourceVersionDate "2022.05.31"]
[SourceQuality "1"]
[WhiteTeam "Bangladesh Navy"]
[BlackTeam "Bangladesh Police"]
[WhiteTeamCountry "BAN"]
[BlackTeamCountry "BAN"]

1. e4 e5 2. Nf3 d6 3. d4 exd4 4. Nxd4 Nf6 5. Nc3 Be7 6. Bd3 0-0 7. 0-0 Nc6 8. Nxc6 bxc6 9. h3 Nd7 10. Be3 Bf6 11. Qd2 Re8 12. Rae1 Bb7 13. f4 a5 14. Bf2 Nb6 15. b3 c5 16. Nd5 a4 17. Bb5 c6 18. Nxb6 Qxb6 19. Bxa4 Ba6 20. Qxd6 Bxf1 21. Kxf1 Bd4 22. Bxd4 cxd4 23. Qxc6 Qb4 24. Re2 Rec8 25. Qd7 Rd8 26. Qb5 Qxb5 27. Bxb5 Rxa2 28. Rd2 Kf8 29. Ke2 Ke7 30. Bc4 Rb2 31. Kd3 f6 32. Rd1 Ra8 33. Rc1 Rba2 34. Kxd4 Ra1 35. Rxa1 Rxa1 36. Be2 Ra8 37. Bc4 Ra1 38. Be2 Ra8 39. c4 Rd8+ 40. Kc3 g5 41. fxg5 fxg5 42. c5 Kd7 43. b4 Kc6 44. Kc4 Rd2 45. b5+ Kc7 46. Bf3 Rc2+ 47. Kd4 Rd2+ 48. Kc3 Rd8 49. e5 1-0

[Event "Dhaka Al Mahmud Memorial"]
[Site "Dhaka"]
[Date "2022.02.11"]
[Round "7"]
[White "Mollah Abdullah, Al Rakib"]
[Black "Mukitul, Islam Ripon"]
[Result "1-0"]
[WhiteElo "2426"]
[BlackElo "1983"]
[PlyCount "73"]
[EventDate "2022.02.05"]
[EventType "swiss"]
[EventRounds "9"]
[EventCountry "BAN"]
[SourceTitle "CBM 206 Extra"]
[Source "ChessBase"]
[SourceDate "2022.03.31"]
[SourceVersion "1"]
[SourceVersionDate "2022.03.31"]
[SourceQuality "1"]

1. d4 d5 2. Nf3 Bf5 3. c4 c6 4. Nc3 e6 5. Qb3 Qb6 6. c5 Qxb3 7. axb3 Nd7 8. Bf4 Ngf6 9. b4 Nh5 10. Be3 a6 11. h3 Bg6 12. b5 Nhf6 13. Bf4 Be7 14. e3 a5 15. b4 a4 16. Ra3 0-0 17. Be2 Bc2 18. 0-0 Ne4 19. Rfa1 h6 20. Bf1 g5 21. Bh2 f5 22. bxc6 bxc6 23. Nxa4 g4 24. Ne5 Nxe5 25. Bxe5 gxh3 26. Nb6 Rxa3 27. Rxa3 Bf6 28. Nd7 Bxe5 29. Nxe5 Nxf2 30. gxh3 Nd1 31. Be2 f4 32. exf4 Rxf4 33. Nxc6 Re4 34. Bxd1 Re1+ 35. Kf2 Rxd1 36. b5 Rb1 37. b6 1-0

[Event "BAN-ch 46th"]
[Site "Dhaka"]
[Date "2022.01.08"]
[Round "11"]
[White "Mollah Abdullah, Al Rakib"]
[Black "Md, Sharif Hossain"]
[Result "0-1"]
[WhiteElo "2459"]
[BlackElo "2211"]
[PlyCount "119"]
[EventDate "2021.12.27"]
[EventType "tourn"]
[EventRounds "13"]
[EventCountry "BAN"]
[EventCategory "1"]
[SourceTitle "EXT 2023"]
[Source "ChessBase"]
[SourceDate "2022.10.05"]
[SourceVersion "1"]
[SourceVersionDate "2022.10.05"]
[SourceQuality "1"]

1. d4 d5 2. c4 c6 3. Nf3 Nf6 4. Nc3 e6 5. cxd5 exd5 6. Bg5 h6 7. Bh4 Bd6 8. Qc2 Bg4 9. Ne5 Qc8 10. Bxf6 gxf6 11. Nxg4 Qxg4 12. e3 Nd7 13. g3 Qf3 14. Rg1 Qh5 15. h4 Rg8 16. Be2 Qg6 17. Bd3 Qg4 18. Bh7 Rg7 19. Bf5 Qf3 20. Bd3 Bb4 21. Qb3 Ba5 22. Be2 Qf5 23. Qa3 Bc7 24. Rc1 Qe6 25. Bd3 0-0-0 26. Qxa7 Rxg3 27. Qa8+ Nb8 28. Kd2 Rxg1 29. Rxg1 Bd6 30. Qa4 Nd7 31. Qc2 Kb8 32. Bf5 Qe7 33. Kc1 Nb6 34. Kb1 Bb4 35. Ne2 Nc4 36. Ka1 Qc7 37. Nf4 Qa5 38. Nd3 Bd6 39. Qc3 Qa4 40. Nc1 Bb4 41. Qc2 Qa5 42. Bd3 b5 43. Ne2 Rc8 44. Bxc4 dxc4 45. Qf5 Be1 46. Rg2 Qd2 47. Nc3 Qc1+ 48. Qb1 Qxc3 49. bxc3 Bxc3+ 50. Qb2 Bxb2+ 51. Kxb2 c5 52. Kc3 cxd4+ 53. exd4 Kb7 54. Rg7 Rc7 55. Rh7 b4+ 56. Kc2 Re7 57. Kd2 Kc6 58. Rxh6 Ra7 59. Rxf6+ Kd5 60. Rf5+ 0-1

[Event "BAN Games 9th"]
[Site "Dhaka"]
[Date "2021.04.05"]
[Round "2.2"]
[White "Mohammad, Minhaz Uddin"]
[Black "Mollah Abdullah, Al Rakib"]
[Result "1/2-1/2"]
[WhiteElo "2281"]
[BlackElo "2464"]
[PlyCount "106"]
[EventDate "2021.04.04"]
[EventType "team-swiss"]
[EventRounds "5"]
[EventCountry "BAN"]
[SourceTitle "CBM 202 Extra"]
[Source "ChessBase"]
[SourceDate "2021.07.31"]
[SourceVersion "1"]
[SourceVersionDate "2021.07.31"]
[SourceQuality "1"]
[WhiteTeam "Bangladesh Navy"]
[BlackTeam "Bangladesh Police"]
[WhiteTeamCountry "BAN"]
[BlackTeamCountry "BAN"]

1. e4 e5 2. Nf3 Nc6 3. Bc4 Be7 4. 0-0 d6 5. d3 Na5 6. Bb5+ c6 7. Ba4 b5 8. Bb3 Nf6 9. Nbd2 0-0 10. Re1 Re8 11. Nf1 h6 12. Ng3 Bf8 13. Bd2 Nxb3 14. axb3 a5 15. c4 Bd7 16. Ra2 c5 17. Qc2 a4 18. bxa4 bxa4 19. Rea1 Bc6 20. Ne2 Nd7 21. Nc3 Nb6 22. b3 axb3 23. Qxb3 Rb8 24. Qc2 Re7 25. Nd5 Nxd5 26. cxd5 Bb5 27. Ba5 Qc8 28. Nd2 f5 29. Nc4 Reb7 30. f3 Be7 31. Bd2 fxe4 32. fxe4 Bxc4 33. dxc4 Qg4 34. Ra8 Rxa8 35. Rxa8+ Kh7 36. Ra1 Bh4 37. Be3 Rb4 38. Rf1 Bg5 39. Bxg5 Qxg5 40. Rf3 Qd8 41. h3 Qa5 42. Kh2 Qa1 43. Rf7 Rb1 44. Qf2 Rh1+ 45. Kg3 Qe1 46. Qxe1 Rxe1 47. Rd7 Rxe4 48. Rxd6 Rxc4 49. Re6 e4 50. Kf4 e3+ 51. Kxe3 Rd4 52. d6 Kg8 53. Re5 Rxd6 1/2-1/2

[Event "BAN Games Rapid 9th"]
[Site "Dhaka"]
[Date "2021.04.03"]
[Round "8.3"]
[White "Mollah Abdullah, Al Rakib"]
[Black "Hossain, Enamul"]
[Result "1/2-1/2"]
[WhiteElo "2464"]
[BlackElo "2404"]
[PlyCount "85"]
[EventDate "2021.04.02"]
[EventType "swiss (rapid)"]
[EventRounds "9"]
[EventCountry "BAN"]
[SourceTitle "CBM 201 Extra"]
[Source "ChessBase"]
[SourceDate "2021.05.31"]
[SourceVersion "1"]
[SourceVersionDate "2021.05.31"]
[SourceQuality "1"]

1. d4 d5 2. c4 e6 3. Nf3 c5 4. Bg5 Be7 5. Bxe7 Nxe7 6. dxc5 Qa5+ 7. Nc3 dxc4 8. Qd4 0-0 9. Qxc4 Na6 10. e3 Qxc5 11. Qxc5 Nxc5 12. 0-0-0 a5 13. Bb5 Rb8 14. Rd6 Nf5 15. Rd2 b6 16. e4 Ne7 17. Ne5 Bb7 18. f3 Rfc8 19. Rhd1 g5 20. Kb1 Bc6 21. Rd6 Bxb5 22. Nxb5 Ng6 23. Nxg6 hxg6 24. e5 Kg7 25. b3 Rh8 26. h3 Rh5 27. Na7 Rb7 28. Nc6 Rc7 29. Kb2 Rh8 30. Nd4 Rb7 31. Nb5 Rh5 32. Rd8 Rh8 33. Rxh8 Kxh8 34. Rd8+ Kg7 35. Nd6 Rd7 36. Rxd7 Nxd7 37. Nc4 b5 38. Nxa5 Nxe5 39. Kc3 f5 40. Kd4 Kf6 41. a4 bxa4 42. bxa4 g4 43. h4 1/2-1/2

[Event "BAN Games Blitz 9th"]
[Site "Dhaka"]
[Date "2021.04.03"]
[Round "7.6"]
[White "Subrota, Biswas"]
[Black "Mollah Abdullah, Al Rakib"]
[Result "0-1"]
[WhiteElo "2256"]
[BlackElo "2464"]
[PlyCount "52"]
[EventDate "2021.04.03"]
[EventType "swiss (blitz)"]
[EventRounds "9"]
[EventCountry "BAN"]
[SourceTitle "CBM 201 Extra"]
[Source "ChessBase"]
[SourceDate "2021.05.31"]
[SourceVersion "1"]
[SourceVersionDate "2021.05.31"]
[SourceQuality "1"]

1. d4 g6 2. c4 Bg7 3. Nc3 e6 4. e4 Ne7 5. h4 d5 6. cxd5 exd5 7. Nf3 dxe4 8. Nxe4 Bf5 9. Ng3 Bg4 10. Be3 Nbc6 11. Bc4 Nd5 12. Qb3 Na5 13. Qa4+ c6 14. Bxd5 Qxd5 15. Rc1 Bxf3 16. gxf3 b6 17. Ne4 0-0 18. h5 Rfe8 19. hxg6 hxg6 20. Ke2 f5 21. Nc3 Qxd4 22. Qxd4 Bxd4 23. Rcd1 c5 24. f4 Nc4 25. Kf3 Nxe3 26. Rdg1 Ng4 0-1

[Event "BAN-chT Premier"]
[Site "Dhaka"]
[Date "2021.03.24"]
[Round "6.1"]
[White "Mollah Abdullah, Al Rakib"]
[Black "Narayanan, Sunilduth Lyna"]
[Result "1/2-1/2"]
[WhiteElo "2463"]
[BlackElo "2618"]
[PlyCount "81"]
[EventDate "2021.03.19"]
[EventType "team-tourn"]
[EventRounds "11"]
[EventCountry "BAN"]
[SourceTitle "CBM 201 Extra"]
[Source "ChessBase"]
[SourceDate "2021.05.31"]
[SourceVersion "1"]
[SourceVersionDate "2021.05.31"]
[SourceQuality "1"]
[WhiteTeam "Bangladesh Police"]
[BlackTeam "Shahin CC"]
[WhiteTeamCountry "BAN"]
[BlackTeamCountry "BAN"]

1. d4 Nf6 2. Nf3 d5 3. c4 e6 4. Nc3 Bb4 5. cxd5 exd5 6. Bf4 Ne4 7. Rc1 Nc6 8. Nd2 g5 9. Bg3 Nxg3 10. hxg3 Nxd4 11. e3 Bxc3 12. bxc3 Ne6 13. Qf3 c6 14. c4 d4 15. Nb3 Qe7 16. Be2 dxe3 17. Qxe3 Qf6 18. 0-0 0-0 19. Rcd1 Ng7 20. Qc5 Re8 21. Rd6 Qe7 22. Bd3 Nf5 23. Bxf5 Bxf5 24. Rfd1 Qe5 25. Qb4 Bg4 26. R1d4 a5 27. Qd2 Be6 28. Nc1 h5 29. Nd3 Qf5 30. f3 a4 31. g4 hxg4 32. Rxg4 f6 33. Re4 Bf7 34. Nf2 Kg7 35. Rd7 b5 36. cxb5 cxb5 37. Rxe8 Rxe8 38. Ne4 Qe5 39. Nd6 Rf8 40. a3 Kg8 41. Qd3 1/2-1/2

[Event "BAN-chT Premier"]
[Site "Dhaka"]
[Date "2021.03.19"]
[Round "1.2"]
[White "Mollah Abdullah, Al Rakib"]
[Black "Sultana, Sharmin Shirin"]
[Result "1-0"]
[WhiteElo "2463"]
[BlackElo "2002"]
[PlyCount "67"]
[EventDate "2021.03.19"]
[EventType "team-tourn"]
[EventRounds "11"]
[EventCountry "BAN"]
[SourceTitle "CBM 201 Extra"]
[Source "ChessBase"]
[SourceDate "2021.05.31"]
[SourceVersion "1"]
[SourceVersionDate "2021.05.31"]
[SourceQuality "1"]
[WhiteTeam "Bangladesh Police"]
[BlackTeam "Sheikh Russel"]
[WhiteTeamCountry "BAN"]
[BlackTeamCountry "BAN"]

1. d4 d5 2. c4 c6 3. Bf4 Nf6 4. e3 Bf5 5. Nc3 e6 6. Qb3 Qb6 7. c5 Qxb3 8. axb3 Nbd7 9. h3 Be7 10. b4 a6 11. b5 cxb5 12. Bxb5 0-0 13. Ba4 b5 14. Bd1 Rfc8 15. Nf3 Ne8 16. Be2 Bd8 17. 0-0 h6 18. b4 Bc7 19. Ne5 Nxe5 20. Bxe5 f6 21. Bh2 Bxh2+ 22. Kxh2 Nc7 23. Ra5 Rd8 24. Rfa1 e5 25. Rd1 Rab8 26. Ra2 Be6 27. g4 Re8 28. Rad2 Rbd8 29. e4 dxe4 30. d5 Bf7 31. d6 Ne6 32. d7 Rf8 33. c6 Ra8 34. c7 1-0

[Event "BAN-chT"]
[Site "Dhaka"]
[Date "2019.12.10"]
[Round "4.4"]
[White "Islam, Khandaker Aminul"]
[Black "Mollah Abdullah, Al Rakib"]
[Result "0-1"]
[WhiteElo "2206"]
[BlackElo "2461"]
[PlyCount "64"]
[EventDate "2019.12.07"]
[EventType "team-tourn"]
[EventRounds "11"]
[EventCountry "BAN"]
[SourceTitle "CBM 193 Extra"]
[Source "ChessBase"]
[SourceDate "2020.01.31"]
[SourceVersion "1"]
[SourceVersionDate "2020.01.31"]
[SourceQuality "1"]
[WhiteTeam "Bangladesh Navy"]
[BlackTeam "Saif Sporting Club"]
[WhiteTeamCountry "BAN"]
[BlackTeamCountry "BAN"]

1. d4 Nf6 2. Bf4 e6 3. e3 b6 4. Qf3 Nc6 5. Nc3 Bb4 6. Nge2 Nd5 7. a3 Nxf4 8. Nxf4 Bxc3+ 9. bxc3 Bb7 10. Bd3 Qe7 11. Qg3 0-0-0 12. Qxg7 h5 13. Qg3 Rdg8 14. Qh3 f5 15. Rg1 Nd8 16. Ne2 Nf7 17. f4 h4 18. c4 Nh6 19. Nc3 Ng4 20. Nd1 Kb8 21. Kd2 Qg7 22. Rb1 Nf6 23. d5 exd5 24. cxd5 Bxd5 25. Qxf5 Rh5 26. Qh3 Bxg2 27. Nf2 Bxh3 28. Rxg7 Rxg7 29. Nxh3 Rg2+ 30. Kc3 Nd5+ 31. Kd4 c5+ 32. Ke4 Rxh2 0-1

[Event "BAN-ch 45th"]
[Site "Dhaka"]
[Date "2019.11.11"]
[Round "10"]
[White "Mollah Abdullah, Al Rakib"]
[Black "Rahman, Ziaur"]
[Result "1/2-1/2"]
[WhiteElo "2462"]
[BlackElo "2454"]
[PlyCount "55"]
[EventDate "2019.11.02"]
[EventType "swiss"]
[EventRounds "10"]
[EventCountry "BAN"]
[SourceTitle "CBM 192 Extra"]
[Source "Chessbase"]
[SourceDate "2019.11.06"]
[SourceVersion "1"]
[SourceVersionDate "2019.11.06"]
[SourceQuality "1"]

1. d4 d5 2. Nf3 Nf6 3. c4 e6 4. Nc3 Bb4 5. g3 0-0 6. Bg2 dxc4 7. 0-0 Nc6 8. Qa4 Nd5 9. Qc2 Be7 10. Rd1 a6 11. e4 Ndb4 12. Qb1 Na5 13. Be3 Qe8 14. Bf4 c5 15. dxc5 Bxc5 16. e5 Be7 17. Ng5 Nd3 18. Be4 Bxg5 19. Bxg5 h6 20. Be3 Nc6 21. f4 f6 22. exf6 Rxf6 23. Bxd3 cxd3 24. Ne4 Rf8 25. Qxd3 Qh5 26. Bc5 Rf5 27. Rac1 Rd5 28. Qc2 1/2-1/2

[Event "BAN-ch 45th"]
[Site "Dhaka"]
[Date "2019.11.10"]
[Round "9"]
[White "Hossain, Enamul"]
[Black "Mollah Abdullah, Al Rakib"]
[Result "1/2-1/2"]
[WhiteElo "2433"]
[BlackElo "2462"]
[PlyCount "30"]
[EventDate "2019.11.02"]
[EventType "swiss"]
[EventRounds "10"]
[EventCountry "BAN"]
[SourceTitle "CBM 192 Extra"]
[Source "Chessbase"]
[SourceDate "2019.11.06"]
[SourceVersion "1"]
[SourceVersionDate "2019.11.06"]
[SourceQuality "1"]

1. e4 c6 2. Nc3 d5 3. Nf3 Bg4 4. h3 Bxf3 5. Qxf3 e6 6. d4 dxe4 7. Qxe4 Nf6 8. Qd3 Na6 9. a3 Qa5 10. Rb1 Nc7 11. Be2 0-0-0 12. 0-0 Qf5 13. Rd1 h6 14. Bf3 Qxd3 15. Rxd3 Bd6 1/2-1/2

[Event "BAN-ch 45th"]
[Site "Dhaka"]
[Date "2019.11.08"]
[Round "7"]
[White "Murshed, Niaz"]
[Black "Mollah Abdullah, Al Rakib"]
[Result "1/2-1/2"]
[WhiteElo "2400"]
[BlackElo "2462"]
[PlyCount "68"]
[EventDate "2019.11.02"]
[EventType "swiss"]
[EventRounds "10"]
[EventCountry "BAN"]
[SourceTitle "CBM 192 Extra"]
[Source "Chessbase"]
[SourceDate "2019.11.06"]
[SourceVersion "1"]
[SourceVersionDate "2019.11.06"]
[SourceQuality "1"]

1. d4 Nf6 2. Nf3 e6 3. c4 b6 4. g3 Bb7 5. Bg2 Bb4+ 6. Bd2 a5 7. 0-0 0-0 8. Bf4 Be7 9. Nc3 Ne4 10. Qc2 Nxc3 11. Qxc3 d6 12. Qc2 f5 13. Ne1 Bxg2 14. Nxg2 Nc6 15. Rad1 Bf6 16. d5 Nb4 17. Qb1 e5 18. Bd2 Qd7 19. b3 Na6 20. Qc2 Nc5 21. f3 Rae8 22. a3 a4 23. b4 Nb3 24. e3 g5 25. Bc3 Bg7 26. Kh1 Qf7 27. Qd3 Qh5 28. e4 Qh3 29. exf5 Rxf5 30. Qe4 Ref8 31. Kg1 R5f6 32. Ne3 h5 33. Rd3 Bh6 34. Ng2 Qd7 1/2-1/2

[Event "Asia zt 3.2"]
[Site "Dhaka"]
[Date "2019.03.20"]
[Round "6"]
[White "S, M Sharon"]
[Black "Mollah Abdullah, Al Rakib"]
[Result "0-1"]
[WhiteElo "2106"]
[BlackElo "2460"]
[PlyCount "78"]
[EventDate "2019.03.15"]
[EventType "swiss"]
[EventRounds "9"]
[EventCountry "BAN"]
[SourceTitle "CBM 189 Extra"]
[Source "ChessBase"]
[SourceDate "2019.05.31"]
[SourceVersion "1"]
[SourceVersionDate "2019.05.31"]
[SourceQuality "1"]

1. e4 e5 2. Nf3 Nc6 3. Nc3 d6 4. g3 g6 5. Bg2 Bg7 6. 0-0 Nge7 7. Nd5 0-0 8. Nxe7+ Qxe7 9. c3 f5 10. exf5 gxf5 11. d4 Kh8 12. Re1 Qf6 13. dxe5 dxe5 14. Qb3 Rb8 15. Qc4 Bd7 16. Bd2 a6 17. Rad1 e4 18. Nd4 Ne5 19. Qxc7 Rbc8 20. Qxb7 Rb8 21. Qd5 Rxb2 22. Bf4 Bb5 23. Bxe5 Qxe5 24. Ne6 Qxd5 25. Rxd5 Bc4 26. Rd6 Bxe6 27. Rxe6 Bxc3 28. Rd1 Rxa2 29. Bf1 a5 30. Rd7 Rd2 31. Rxd2 Bxd2 32. Ra6 Kg7 33. Bh3 f4 34. gxf4 Rxf4 35. Bg2 Be1 36. Kf1 Bxf2 37. Ke2 Bd4 38. Bh3 Rf2+ 39. Ke1 e3 0-1

[Event "Asia zt 3.2"]
[Site "Dhaka"]
[Date "2019.03.18"]
[Round "4"]
[White "Hossain, Enamul"]
[Black "Mollah Abdullah, Al Rakib"]
[Result "1/2-1/2"]
[WhiteElo "2438"]
[BlackElo "2460"]
[PlyCount "25"]
[EventDate "2019.03.15"]
[EventType "swiss"]
[EventRounds "9"]
[EventCountry "BAN"]
[SourceTitle "CBM 189 Extra"]
[Source "ChessBase"]
[SourceDate "2019.05.31"]
[SourceVersion "1"]
[SourceVersionDate "2019.05.31"]
[SourceQuality "1"]

1. Nf3 Nf6 2. g3 d5 3. Bg2 c6 4. d3 Bg4 5. Nbd2 Nbd7 6. 0-0 e5 7. e4 dxe4 8. dxe4 Bc5 9. h3 Bh5 10. Qe1 0-0 11. a4 a5 12. Nb3 Bb4 13. Bd2 1/2-1/2